Rok chovateľa farebných kanárikov - 5

Bibliographic Details
Main Author: Vojník, Michal (Author)
Format: Article
Language:Slovak
Subjects:

MARC

LEADER 00000nab a2200000 a 4500
001 vtls000483651
003 SK-MaSNL
005 20260303004518.0
008 140328c1993 xo 0 slo
015 |a SNBRB19rr/mm-uuuuu 
035 |a CL0483786 
040 |a SNKBUCL  |b slo  |c SNKBUCL  |e AACR2 
041 0 |a slo 
044 |a xo  |c SK 
080 |a 636.68:598.826.5  |2 1981 
080 |a 598.826.5  |2 1981 
100 1 |a Vojník, Michal  |4 aut  |9 548688 
245 1 0 |a Rok chovateľa farebných kanárikov - 5  |c Michal Vojník 
650 0 7 |a kanáriky  |2 snkbucl  |9 20482 
655 7 |a články z novín a časopisov  |2 snkbucl  |9 267496 
773 0 |t Chovateľ  |g Roč. 29, č. 5 (1993), s. 120 
850 |a Slovenská národná knižnica v Martine  |a MTA001 
852 |a SNK  |b KIS3GCP 
958 |a RK 
992 |a RBX 
999 |c 1578049  |d 1579979